000
00223nam a22000857a 4500
008
160712b xxu||||| |||| 00| 0 eng d
100
_9
2618
_a
Tournier, P
245
_a
The Adventure of Living
260
_a
N.Y
_b
Harper & Row
_c
1965
999
_c
2273
_d
2273